| 000 | 00569 a2200217 4500 | ||
|---|---|---|---|
| 005 | 20240711160036.0 | ||
| 008 | 240711b |||||||| |||| 00| 0 eng d | ||
| 020 |
_a9789392262449 _cRs. 1595.00 |
||
| 040 | _aMAIN | ||
| 082 |
_a301.240954 _bV999S |
||
| 100 | _aVyas, Ashutosh | ||
| 245 | _aSocial transformation and development | ||
| 260 |
_bBook Enclave _c2023 _aJaipur |
||
| 300 | _aviii, 216 | ||
| 650 | _aSociology | ||
| 650 | _aSocial Transformation | ||
| 650 | _aSocial Change- India | ||
| 700 | _aPrasad, B N | ||
| 700 | _aKale, Sampat | ||
| 942 | _cBK | ||
| 999 |
_c312163 _d312163 |
||